• 首页
  • 本馆介绍
  • 公告通知
  • 最新文献
  • 馆藏检索
  • 电子资源
  • 读者荐购
  • 参考咨询
  • CALIS
  • 我的图书馆
  • 登录
  • 详细信息显示
  • 放入我的书架
  • 预约/预借图书
  • 作者相关作品
  • 分类相关作品
  • 丛书相关作品
  • 出版社相关作品

书目信息

  • 表格格式
  • 工作单格式
  • 卡片格式
题名:
电力企业生产项目5E全过程管理
    
 
作者: 李果 , 李品磊 主编 ;南方电网 编著
分册:  
出版信息: 北京   中国建筑工业出版社  2024.05
页数: 169页
开本: 26cm
丛书名:
单 册:
中图分类: F426.61
科图分类:
主题词: 电力工业--工业企业管理--质量管理--中国
电子资源:
ISBN: 978-7-112-29164-9
 
 
 
 
 
000 01068nam0 2200253 450
001 012960524
005 20251022180615.52
010    @a978-7-112-29164-9@dCNY50.00
100    @a20240605d2024 em y0chiy0120 ea
101 0  @achi
102    @aCN@b110000
105    @aa z 000yy
106    @ar
200 1  @a电力企业生产项目5E全过程管理@9dian li qi ye sheng chan xiang mu 5E quan guo cheng guan li@f南方电网广东广州供电局编著
210    @a北京@c中国建筑工业出版社@d2024.05
215    @a169页@c图,照片@d26cm
330    @a本书主要对电力企业5E生产项目全过程管理进行深度解析,主要内容包括:生产项目5E全过程管理概述、生产项目5E全过程管理内容、生产项目5E全过程管理中科学经济的策划环节、生产项目5E全过程管理中规范高效的采购环节、生产项目5E全过程管理中均衡平稳的实施环节等。
606 0  @a电力工业@x工业企业管理@x质量管理@y中国
690    @aF426.61@v5
701  0 @a李果@9li guo@4主编
701  0 @a李品磊@9li pin lei@4主编
712 02 @a南方电网@9nan fang dian wang@b广东广州供电局@4编著
801  0 @aCN@c20250909
905    @a河南城建学院图书馆@dF426.61@eL166@ZL166@f1
    
    电力企业生产项目5E全过程管理/南方电网广东广州供电局编著.-北京:中国建筑工业出版社,2024.05
    169页:图,照片;26cm
    
    
    ISBN 978-7-112-29164-9:CNY50.00
    本书主要对电力企业5E生产项目全过程管理进行深度解析,主要内容包括:生产项目5E全过程管理概述、生产项目5E全过程管理内容、生产项目5E全过程管理中科学经济的策划环节、生产项目5E全过程管理中规范高效的采购环节、生产项目5E全过程管理中均衡平稳的实施环节等。
●
相关链接 在E读中查询图书 在当当中查询图书 在豆瓣中查询图书


正题名:电力企业生产项目5E全过程管理     索取号:F426.61/L166         预约/预借

序号 登录号 条形码 馆藏地/架位号 状态 备注
1 1633192   216331921   社科库409/409社科库 36排4列3层/ [索取号:F426.61/L166] 在馆    
河南城建学院图书馆 欢迎您!
大连网信软件有限公司© 版权所有